Loading...
History - World History | 1 | 2 | 0 | 0 | 35 | 53 | 81.00 | 1 | 2 |
Beliefs | 1 | 2 | 0 | 0 | 35 | 37 | 91.00 | 1 | 3 |
Visual Arts | 0 | 3 | 0 | 0 | 30 | 77 | 100.67 | 0 | 3 |
Literature - American Literature | 0 | 3 | 0 | 1 | 30 | 116 | 125.00 | 0 | 3 |
Science - Biology | 0 | 3 | 0 | 0 | 30 | 95 | 110.33 | 1 | 2 |
Science - Chemistry | 0 | 3 | 0 | 1 | 30 | 91 | 108.33 | 0 | 2 |
Auditory Arts | 0 | 3 | 0 | 1 | 30 | 68 | 101.00 | 1 | 2 |
Fine Arts - Other Arts | 1 | 1 | 0 | 0 | 25 | 88 | 107.00 | 0 | 2 |
Literature - British Literature | 1 | 1 | 0 | 0 | 25 | 51 | 85.50 | 1 | 2 |
History - American History | 0 | 3 | 1 | 1 | 25 | 74 | 93.33 | 2 | 3 |
Geography | 0 | 2 | 0 | 1 | 20 | 90 | 112.00 | 1 | 2 |
History - European History | 0 | 2 | 1 | 1 | 15 | 124 | 129.00 | 0 | 2 |
Other Academic | 0 | 1 | 0 | 1 | 10 | 118 | 118.00 | 0 | 0 |
History - Ancient History | 0 | 1 | 0 | 0 | 10 | 75 | 75.00 | 0 | 1 |
Literature - European Literature | 0 | 0 | 1 | 0 | -5 | 0.00 | 0 | 0 | |
Science - Physics | 0 | 0 | 1 | 0 | -5 | 0.00 | 0 | 0 | |
History - Other History | 0 | 0 | 1 | 0 | -5 | 0.00 | 0 | 0 |